000 00392nab a22001097u 4500
008 130520b1962 xxu||||| |||| 00| 0 spa d
041 _aspa
100 1 _aMartínez Ruiz, Elías
_99151
245 0 0 _aReciprocidad de las conciencias y formas sociales de la conciencia colectiva
_cElías Martínez Ruiz
773 0 _tRevista de Filosofía
_gV.21,1962,págs. 53-57
_x0034-8244
_wRev390
942 _cAR
999 _c421363
_d421363